| 000 | 00684nam a2200253 i 4500 | ||
|---|---|---|---|
| 003 | OSt | ||
| 005 | 20260601171017.0 | ||
| 008 | 260508b1988\\\\it\a||||\||||\00|\0\it\\d | ||
| 020 | _a884352576X | ||
| 040 |
_aICI _bspa _cICI _erda |
||
| 041 | _aita | ||
| 050 |
_aNK1453.I8 _bD44 1988 |
||
| 100 | _eautor | ||
| 245 | _aIl "gioco" del design. | ||
| 250 | _a1a edición. | ||
| 260 |
_aNapoli : _bElecta Napoli, _c1988. |
||
| 300 |
_a263 páginas : _bilustraciones ; |
||
| 336 |
_2rdacontent _atexto |
||
| 337 |
_2rdamedia _asin medio |
||
| 338 |
_2rdacarrier _avolumen |
||
| 500 | _aTexto en italiano. | ||
| 650 |
_a Diseño industrial _xAspectos estéticos. |
||
| 942 |
_2lcc _cB _n1 |
||
| 999 |
_c20749 _d20749 |
||